Umatilla Project, Oregon; storage feed canal : Advertisement, proposal, and specifications.

Bibliographic Details
Format: Government Document eBook
Language:English
Published: Washington, D.C. : [publisher not identified], 1906.
Series:Reclamation Service Specifications No. 92
Subjects:
Online Access:Connect to the full text of this electronic document

MARC

Tag First Indicator Second Indicator Subfields
LEADER 00000cam a22000001a 4500
001 in00003637521
005 20190408171315.0
006 m o d f
007 cr bn mmmapmmp
008 010108s1906 dcu o f000 0 eng d
035 |a ebd1909302368 
040 |a UMI  |c UMI  |d UtOrBLW 
043 |a n-us--- 
086 0 |a I 19.17/6:92 
086 0 |a I 27.8:92 
099 |a I1917-4.92 
245 0 0 |a Umatilla Project, Oregon; storage feed canal :  |b Advertisement, proposal, and specifications. 
264 1 |a Washington, D.C. :  |b [publisher not identified],  |c 1906. 
300 |a 1 online resource (26 pages) 
336 |a text  |b txt  |2 rdacontent 
337 |a computer  |b c  |2 rdamedia 
338 |a online resource  |b cr  |2 rdacarrier 
490 0 |a Reclamation Service Specifications No. 92 
500 |a Record is based on bibliographic data in ProQuest U.S. Executive Branch Documents, 1789-1909. Reuse except for individual research requires license from ProQuest, LLC. 
533 |a Electronic reproduction.  |b [Bethesda, Md.] :  |c ProQuest,  |d 2012.  |e digital, PDF file.  |n ProQuest U.S. Executive Branch Documents, 1789-1909.  |n Mode of access: World Wide Web via ProQuest website. 
538 |a System requirements: PDF reader software. 
500 |a Electronic resource. 
610 2 0 |a Umatilla Basin Project (U.S.)  |0 http://id.loc.gov/authorities/names/n85166815 
650 0 |a Industrial development projects  |z Oregon. 
655 7 |a Electronic books.  |2 local 
776 1 8 |i Microfiche version:  |t Umatilla Project, Oregon; storage feed canal  |o CIS US Exec MF I1917-4.92  |w (ProQuest)cis19031895 
856 4 0 |u http://proxy.library.tamu.edu/login?url=http://congressional.proquest.com/congressional/docview/t66.d71.i1917-4.92  |z Connect to the full text of this electronic document  |t 0 
999 f f |s a557655d-e181-32de-9404-942b4737c039  |i 0d316efe-d5a3-3dc4-965e-ef75b1cbd92e  |t 0 
952 f f |a Texas A&M University  |b College Station  |c Electronic Resources  |d Available Online  |t 0  |h No information provided 
998 f f |t 0  |l Available Online